[Event "SV Mülheim-Nord 4 - SF Essen-Katernberg"]
[Site "Verbandsliga, Gruppe 1 2017/2"]
[Date "2018.04.29"]
[Round "9.8"]
[White "Mark, Lukas"]
[Black "Wolff, Michael"]
[Result "0-1"]
[WhiteElo "1177"]
[BlackElo "1752"]
[PlyCount "28"]
[EventDate "2018.??.??"]

1. e4 c5 2. Nf3 Nc6 3. d4 cxd4 4. Nxd4 Nf6 5. Nc3 e5 6. Nf3 Bb4 7. Bd3 d5 8. a3
Bxc3+ 9. bxc3 dxe4 10. O-O exd3 11. cxd3 O-O 12. Re1 Re8 13. c4 Bf5 14. Re3 Ng4
0-1

[Event "SG Bochum 3 - SV Hamm 1"]
[Site "Verbandsliga, Gruppe 2 2017/2"]
[Date "2018.04.29"]
[Round "9.1"]
[White "Spyrou, Emmanouil"]
[Black "Butschek, Marc"]
[Result "1/2-1/2"]
[WhiteElo "2149"]
[BlackElo "1960"]
[PlyCount "46"]
[EventDate "2018.??.??"]

1. e4 c6 2. d4 d5 3. e5 Bf5 4. Nf3 e6 5. Bd3 Bg6 6. h4 c5 7. c3 Nc6 8. h5 Bxd3
9. Qxd3 h6 10. O-O Qb6 11. a3 c4 12. Qe2 Na5 13. Nbd2 Nb3 14. Nxb3 Qxb3 15. Be3
Ne7 16. g4 Nc6 17. Nh4 Be7 18. Ng2 O-O 19. f4 f5 20. exf6 Bxf6 21. g5 hxg5 22.
fxg5 Be7 23. Nh4 Qb6 1/2-1/2

[Event "SC Gerthe - Werne 1 - SV Mülheim-Nord 3"]
[Site "Verbandsliga, Gruppe 2 2017/2"]
[Date "2018.04.29"]
[Round "9.2"]
[White "Topolewski, Dirk"]
[Black "Wagner, Leopold Franziskus"]
[Result "1/2-1/2"]
[WhiteElo "2090"]
[BlackElo "2182"]
[PlyCount "58"]
[EventDate "2018.??.??"]

1. d4 Nf6 2. Nf3 e6 3. Nbd2 d5 4. e3 c5 5. b3 Nc6 6. Bd3 cxd4 7. exd4 a6 8. O-O
Bd6 9. Bb2 O-O 10. a3 b6 11. Ne5 Qc7 12. f4 Nd7 13. Qh5 f5 14. Nxd7 Bxd7 15. g3
Nb8 16. Qe2 Re8 17. Nf3 Bc6 18. Rfe1 Nd7 19. a4 a5 20. Ne5 Nf6 21. Nxc6 Qxc6
22. Bb5 Qc7 23. Bxe8 Rxe8 24. Ba3 Bxa3 25. Rxa3 Ne4 26. Qd3 Rc8 27. Ra2 Nc3 28.
Rb2 Qd6 29. Qa6 Re8 1/2-1/2

[Event "SC Gerthe - Werne 1 - SV Mülheim-Nord 3"]
[Site "Verbandsliga, Gruppe 2 2017/2"]
[Date "2018.04.29"]
[Round "9.3"]
[White "Limbourg, Philipp"]
[Black "Brueggestraß, Volker"]
[Result "1-0"]
[WhiteElo "2176"]
[BlackElo "2017"]
[PlyCount "35"]
[EventDate "2018.??.??"]

1. e4 e5 2. Bc4 Nf6 3. d3 c6 4. Nf3 d5 5. Bb3 Nbd7 6. O-O Qc7 7. exd5 cxd5 8.
Re1 Be7 9. Qe2 O-O 10. Nc3 d4 11. Nb5 Qb6 12. a4 Re8 13. Ng5 Rf8 14. f4 Bb4 15.
fxe5 Bxe1 16. exf6 gxf6 17. Nxf7 Rxf7 18. Qe8+ 1-0

[Event "SC Gerthe - Werne 1 - SV Mülheim-Nord 3"]
[Site "Verbandsliga, Gruppe 2 2017/2"]
[Date "2018.04.29"]
[Round "9.4"]
[White "Berens, Thomas"]
[Black "Simanowski, Mio"]
[Result "1/2-1/2"]
[WhiteElo "1904"]
[BlackElo "1896"]
[PlyCount "62"]
[EventDate "2018.??.??"]

1. c4 Nf6 2. Nc3 d5 3. cxd5 Nxd5 4. g3 c6 5. Nf3 Bf5 6. d3 Bg6 7. Bg2 e6 8. O-O
Be7 9. a3 Bf6 10. Bd2 Nd7 11. Rc1 Rc8 12. b4 O-O 13. Qb3 Qb6 14. Na4 Qd8 15.
Nc5 Nxc5 16. bxc5 Rb8 17. Qa4 Nc7 18. Bf4 Re8 19. Ne5 Bh5 20. g4 Bg6 21. Qxa7
Nb5 22. Qa4 Ra8 23. Qb4 Bxe5 24. Bxe5 Rxa3 25. Ra1 Rxa1 26. Rxa1 f6 27. Bd6 e5
28. Ra5 Qd7 29. Bf3 Nd4 30. Ra7 Nb5 31. Ra5 Nd4 1/2-1/2

[Event "SC Gerthe - Werne 1 - SV Mülheim-Nord 3"]
[Site "Verbandsliga, Gruppe 2 2017/2"]
[Date "2018.04.29"]
[Round "9.5"]
[White "Kuipers, Dustin"]
[Black "Loeffelbein, Klaus"]
[Result "1-0"]
[WhiteElo "2079"]
[BlackElo "1847"]
[PlyCount "63"]
[EventDate "2018.??.??"]

1. Nf3 c5 2. c4 Nf6 3. Nc3 d5 4. cxd5 Nxd5 5. e4 Nb4 6. d3 Bg4 7. Be3 Bxf3 8.
gxf3 Nd7 9. d4 cxd4 10. Bxd4 e5 11. Be3 Bc5 12. Bb5 Bxe3 13. fxe3 Qh4+ 14. Ke2
Rd8 15. Qd6 Qe7 16. Qxe7+ Kxe7 17. a3 Nc6 18. Rhg1 g6 19. Nd5+ Kf8 20. Rac1
Ndb8 21. b4 Kg7 22. Bxc6 Nxc6 23. b5 Na5 24. Rc7 Rd6 25. Rgc1 Rhd8 26. Re7 Re6
27. Rxe6 fxe6 28. Rc7+ Kh6 29. Nf6 g5 30. Ng4+ Kg6 31. Nxe5+ Kf6 32. f4 1-0

[Event "SC Gerthe - Werne 1 - SV Mülheim-Nord 3"]
[Site "Verbandsliga, Gruppe 2 2017/2"]
[Date "2018.04.29"]
[Round "9.6"]
[White "Melmer, Felix"]
[Black "Mainusch, Martin"]
[Result "1/2-1/2"]
[WhiteElo "1851"]
[BlackElo "1948"]
[Annotator "Daniel"]
[PlyCount "57"]
[EventDate "2018.??.??"]

1. f4 b6 2. e4 Bb7 3. Nc3 e6 4. Nf3 Bb4 5. d3 Bxc3+ 6. bxc3 Nc6 7. d4 d5 8. e5
Qe7 9. a4 f6 10. Bb5 O-O-O 11. Qe2 f5 12. Ba3 Qf7 13. Bb4 a5 14. Ba3 h6 15. Rb1
Nge7 16. Ba6 Rhg8 17. Nd2 g5 18. Bxb7+ Kxb7 19. Nb3 Kc8 20. Rf1 gxf4 21. Rxf4
Ng6 22. Rf2 Nb8 23. Nxa5 Qd7 24. Nb3 Qxa4 $11 25. Bc1 Qc6 26. Bxh6 Qxc3+ 27.
Qd2 Qxd2+ 28. Nxd2 Rh8 29. Bg5 1/2-1/2

[Event "SC Gerthe - Werne 1 - SV Mülheim-Nord 3"]
[Site "Verbandsliga, Gruppe 2 2017/2"]
[Date "2018.04.29"]
[Round "9.7"]
[White "Brockhaus, Bernd"]
[Black "Meise, Ulrich"]
[Result "1/2-1/2"]
[WhiteElo "1939"]
[BlackElo "1817"]
[PlyCount "47"]
[EventDate "2018.??.??"]

1. e4 e5 2. Nf3 Nf6 3. Nc3 Nc6 4. d4 exd4 5. Nxd4 Bb4 6. Nxc6 Bxc3+ 7. bxc3
bxc6 8. Bd3 d6 9. Bg5 h6 10. Bh4 g5 11. Bg3 Be6 12. e5 Nd5 13. Qf3 Qd7 14. h3
Rb8 15. c4 Ne7 16. exd6 cxd6 17. c5 Rd8 18. Qf6 Rg8 19. cxd6 Nd5 20. Qxh6 Nf4
21. Bxf4 gxf4 22. Qxf4 Rxg2 23. Be4 Rg8 24. O-O-O 1/2-1/2

[Event "SC Mülheim 1 - SV Rot-Weiß-Altenessen 1"]
[Site "Verbandsliga, Gruppe 2 2017/2"]
[Date "2018.04.29"]
[Round "9.1"]
[White "Praß, Marian"]
[Black "Viebahn, Dirk"]
[Result "1/2-1/2"]
[WhiteElo "2011"]
[BlackElo "2117"]
[Annotator "Daniel"]
[PlyCount "146"]
[EventDate "2018.??.??"]

1. e4 e5 2. Nf3 Nc6 3. Bc4 Nf6 4. d3 Be7 5. O-O O-O 6. Re1 d6 7. c3 Na5 8. Bb5
a6 9. Ba4 b5 10. Bc2 c5 11. Nbd2 Nc6 12. Nf1 Re8 13. h3 Bf8 14. Ng3 g6 15. a3
Bg7 16. Be3 Bb7 17. Qd2 Qe7 18. Bg5 Qf8 19. b4 Nd7 20. Bb3 h6 21. Be3 Kh7 22.
Qa2 Nd8 23. d4 c4 24. Bc2 Ne6 25. d5 Nf4 26. Rad1 Rec8 27. Qb1 Qd8 28. Qc1 Qf6
29. Kh2 a5 30. Ne2 Nxe2 31. Rxe2 axb4 32. axb4 Qd8 33. Kg1 Ra2 34. Rdd2 Rca8
35. Bb1 R2a4 36. Ra2 Nf6 37. Rxa4 Rxa4 38. Qb2 Qa8 39. Bc1 Bc8 40. Kh2 Bd7 41.
Nd2 $11 Nh5 42. g3 Qc8 43. h4 Qd8 44. Re1 Bf6 45. Bc2 Ra8 46. Nf3 Be7 47. Bd2
Nf6 48. Ra1 Ng4+ 49. Kg2 Qb6 50. Be1 Ra6 51. Nh2 Qa7 52. Rxa6 Qxa6 53. Nxg4
Bxg4 54. f3 Bc8 55. Bb1 Qa7 56. Qa2 Qd7 57. Kg1 Bd8 58. Bf2 Qh3 59. Qa7 Kg7 60.
Qb8 Qd7 61. Bc2 Bc7 62. Qa7 Bd8 63. Qb8 Bc7 64. Qa8 h5 65. Qa7 Bd8 66. Qxd7
Bxd7 67. Bd1 f5 68. Kg2 fxe4 69. fxe4 Bg4 70. Bf3 g5 71. Be1 Bxf3+ 72. Kxf3 g4+
73. Ke2 Bb6 1/2-1/2

[Event "SC Mülheim 1 - SV Rot-Weiß-Altenessen 1"]
[Site "Verbandsliga, Gruppe 2 2017/2"]
[Date "2018.04.29"]
[Round "9.2"]
[White "Langschmidt, Dirk"]
[Black "Kordonowski, Frank"]
[Result "1-0"]
[WhiteElo "1986"]
[BlackElo "2002"]
[PlyCount "69"]
[EventDate "2018.??.??"]

1. e4 c5 2. Nc3 Nc6 3. g3 g6 4. Bg2 Bg7 5. d3 e6 6. Be3 d6 7. Qd2 Nge7 8. Bh6
O-O 9. h4 f5 10. Bxg7 Kxg7 11. h5 Qe8 12. Nh3 Ng8 13. hxg6 hxg6 14. Ng5 Nf6 15.
Nh7 Nxh7 16. Qh6+ Kf6 17. Qxh7 Qf7 18. Qh4+ g5 19. Qh6+ Ke7 20. Qxg5+ Kd7 21.
exf5 exf5 22. O-O-O Rg8 23. Qf4 Rg4 24. Qd2 Nb4 25. a3 a5 26. Rde1 Ra6 27. Bf3
Rd4 28. Bh5 Qg7 29. Nb5 Na2+ 30. Kb1 Rb4 31. Be8+ Kd8 32. axb4 axb4 33. Qf4 Bd7
34. Qh4+ Kc8 35. Qh8 1-0

[Event "SC Mülheim 1 - SV Rot-Weiß-Altenessen 1"]
[Site "Verbandsliga, Gruppe 2 2017/2"]
[Date "2018.04.29"]
[Round "9.3"]
[White "Birdaini, Becir"]
[Black "Riese, Manfred"]
[Result "1/2-1/2"]
[WhiteElo "2043"]
[BlackElo "1827"]
[PlyCount "109"]
[EventDate "2018.??.??"]

1. e4 d6 2. d4 Nf6 3. Bd3 c6 4. Nf3 Bg4 5. h3 Bxf3 6. Qxf3 Nbd7 7. O-O g6 8. c3
Bg7 9. Nd2 Qc7 10. Re1 O-O 11. Nf1 e5 12. Be3 Rfe8 13. Ng3 d5 14. exd5 Nxd5 15.
Bc4 N7b6 16. Bxd5 Nxd5 17. dxe5 Bxe5 18. Nf1 Bg7 19. Rad1 Rad8 20. Bg5 f6 21.
Bc1 Rxe1 22. Rxe1 Qf7 23. a3 Re8 24. Rd1 f5 25. Bg5 h6 26. Bc1 Qe6 27. Ng3 Re7
28. Bd2 Nf6 29. Be3 b6 30. Bd4 Nd7 31. Bxg7 Kxg7 32. Qd3 c5 33. b4 Ne5 34. Qd8
Rd7 35. Rxd7+ Qxd7 36. Qb8 Nc6 37. Qf4 Qe7 38. Nf1 cxb4 39. axb4 Qe5 40. Qc4
Ne7 41. Ne3 h5 42. Qa6 Qxc3 43. Qxa7 Qxb4 44. Nd5 Qe1+ 45. Kh2 Qe5+ 46. f4 Qxd5
47. Qxe7+ Qf7 48. Qd8 Qf6 49. Qc7+ Kh6 50. Qb8 h4 51. Kh1 g5 52. fxg5+ Kxg5 53.
Qg8+ Kh6 54. Qb8 f4 55. Qb7 1/2-1/2

[Event "SC Mülheim 1 - SV Rot-Weiß-Altenessen 1"]
[Site "Verbandsliga, Gruppe 2 2017/2"]
[Date "2018.04.29"]
[Round "9.4"]
[White "Straenger, Petra"]
[Black "Cavasin, Joerg"]
[Result "1/2-1/2"]
[WhiteElo "1814"]
[BlackElo "1923"]
[Annotator "Daniel"]
[PlyCount "83"]
[EventDate "2018.??.??"]

1. d4 Nf6 2. Nf3 g6 3. c4 d6 4. Nc3 Bg7 5. g3 O-O 6. Bg2 Nc6 7. O-O Bf5 8. Nh4
Bd7 9. e4 Ng4 10. Nf3 a5 11. h3 Nf6 12. Be3 Qc8 13. Kh2 e5 14. d5 Ne7 15. Qd2
b6 16. Bh6 Nh5 17. Nh4 f5 18. exf5 Nxf5 19. Nxf5 gxf5 20. Qg5 Qe8 21. g4 Qg6
22. Qxg6 hxg6 23. Bxg7 Nxg7 24. f3 Kf7 25. a3 Kf6 26. b4 Rfb8 27. Kg3 Rb7 28.
b5 Rh8 29. Rae1 $11 Rbb8 30. Re2 Rbe8 31. Rfe1 Re7 32. Kf2 Kg5 33. Kg3 Ne8 34.
Kf2 Nf6 35. Re3 Rf7 36. Kg1 Bc8 37. R3e2 Nd7 38. Na4 Rhf8 39. Rf1 fxg4 40. fxg4
Rxf1+ 41. Bxf1 Rf3 42. Ra2 1/2-1/2

[Event "SC Mülheim 1 - SV Rot-Weiß-Altenessen 1"]
[Site "Verbandsliga, Gruppe 2 2017/2"]
[Date "2018.04.29"]
[Round "9.5"]
[White "Rohloff, Markus"]
[Black "Otto, Michael"]
[Result "1-0"]
[WhiteElo "1902"]
[BlackElo "1686"]
[PlyCount "27"]
[EventDate "2018.??.??"]

1. e4 c5 2. Nf3 g6 3. d4 cxd4 4. Nxd4 Bg7 5. Nc3 Nc6 6. Be3 e6 7. Bc4 a6 8. f3
Nge7 9. Qd2 O-O 10. O-O-O b5 11. Bb3 Na5 12. h4 Nxb3+ 13. cxb3 f5 14. Nxe6 1-0

[Event "SC Mülheim 1 - SV Rot-Weiß-Altenessen 1"]
[Site "Verbandsliga, Gruppe 2 2017/2"]
[Date "2018.04.29"]
[Round "9.6"]
[White "Achenbach, Manfred"]
[Black "Avgustin, Thomas"]
[Result "1/2-1/2"]
[WhiteElo "1960"]
[BlackElo "1738"]
[PlyCount "79"]
[EventDate "2018.??.??"]

1. Nf3 d5 2. c4 e6 3. g3 Nf6 4. Bg2 Be7 5. O-O O-O 6. d3 Nbd7 7. b3 c6 8. Bb2
a5 9. Nbd2 Qb6 10. cxd5 exd5 11. Nh4 Nc5 12. Ba3 Qc7 13. Rc1 Ne6 14. Bxe7 Qxe7
15. Nf5 Qa3 16. Qc2 g6 17. Qc3 d4 18. Nxd4 Nh5 19. Ne4 Nxd4 20. Qxd4 Bf5 21.
Bf3 Bxe4 22. dxe4 Rad8 23. Qa1 Ng7 24. Rc4 Qe7 25. Qc3 Qc7 26. Bg2 Rd6 27. Rd4
Rxd4 28. Qxd4 Rd8 29. Qc3 Ne6 30. h4 Nd4 31. Bf3 Qe5 32. Qe3 b5 33. Qg5 Nxf3+
34. exf3 Qxg5 35. hxg5 Rd2 36. Rc1 Rxa2 37. Rxc6 Kf8 38. Rb6 b4 39. Rb7 Rb2 40.
Rb8+ 1/2-1/2

[Event "SC Mülheim 1 - SV Rot-Weiß-Altenessen 1"]
[Site "Verbandsliga, Gruppe 2 2017/2"]
[Date "2018.04.29"]
[Round "9.7"]
[White "Metzner, Carsten"]
[Black "Martin, Andreas"]
[Result "1-0"]
[WhiteElo "1833"]
[BlackElo "2166"]
[PlyCount "111"]
[EventDate "2018.??.??"]

1. d4 Nf6 2. c4 g6 3. Nc3 Bg7 4. e4 d6 5. h3 O-O 6. Nf3 e5 7. d5 a5 8. Bd3 Na6
9. a3 Nc5 10. Bc2 Nh5 11. O-O Nf4 12. Kh2 f5 13. Be3 fxe4 14. Nxe4 b6 15. b4
Nxe4 16. Bxe4 g5 17. Ng1 axb4 18. g3 Qf6 19. axb4 Rxa1 20. Qxa1 Ng6 21. Ne2 Ne7
22. g4 h5 23. gxh5 g4 24. Ng3 Qh4 25. Bg2 gxh3 26. Be4 Nf5 27. Bxf5 Bxf5 28.
Qc1 Bd3 29. Rg1 Kh7 30. c5 bxc5 31. bxc5 dxc5 32. Qxc5 Rf7 33. d6 cxd6 34. Qxd6
Bc2 35. Rc1 Be4 36. Rc4 Rf6 37. Rxe4 Qxg3+ 38. Kxg3 Rxd6 39. Kxh3 Rd1 40. Kg4
Rg1+ 41. Kf5 Rh1 42. h6 Bh8 43. Ra4 Rh5+ 44. Ke6 Rh1 45. Ra7+ Kg8 46. Bg5 Rh2
47. h7+ Rxh7 48. Rxh7 Kxh7 49. Bf6 e4 50. Bxh8 Kxh8 51. Ke5 Kg7 52. Kxe4 Kg6
53. Ke5 Kg7 54. Ke6 Kg8 55. f3 Kg7 56. f4 1-0

[Event "SC Mülheim 1 - SV Rot-Weiß-Altenessen 1"]
[Site "Verbandsliga, Gruppe 2 2017/2"]
[Date "2018.04.29"]
[Round "9.8"]
[White "Puetz, Heinz"]
[Black "Neugebauer, Thomas"]
[Result "0-1"]
[WhiteElo "1444"]
[BlackElo "1842"]
[PlyCount "74"]
[EventDate "2018.??.??"]

1. Nf3 Nf6 2. c4 g6 3. Nc3 Bg7 4. e3 d6 5. d4 O-O 6. Be2 Nbd7 7. O-O Re8 8. a3
e5 9. dxe5 dxe5 10. e4 c6 11. h3 Qc7 12. Qc2 Nc5 13. Be3 Ne6 14. Rad1 Nh5 15.
Qc1 Nhf4 16. Bxf4 Nxf4 17. Kh2 f5 18. Qc2 fxe4 19. Qxe4 Bf5 20. Qe3 e4 21. g3
Nxe2 22. Nxe2 exf3 23. Qxf3 Rad8 24. Nc3 Qc8 25. h4 Rxd1 26. Qxd1 Qe6 27. Qb3
b5 28. Nd1 bxc4 29. Qb7 Bd3 30. Rg1 Bd4 31. Qc7 Rf8 32. Qa5 Bxf2 33. Nxf2 Rxf2+
34. Rg2 Rxg2+ 35. Kxg2 Qe2+ 36. Kg1 Qf1+ 37. Kh2 Qf2+ 0-1

[Event "SV Recklinghausen-Süd 1 - SC Doppelbaue"]
[Site "Verbandsliga, Gruppe 2 2017/2"]
[Date "2018.04.29"]
[Round "9.1"]
[White "Remmler, Volker"]
[Black "Beckmann, Klaus"]
[Result "1/2-1/2"]
[WhiteElo "2047"]
[BlackElo "2152"]
[PlyCount "64"]
[EventDate "2018.??.??"]

1. c4 Nf6 2. Nc3 e6 3. d4 Bb4 4. e3 c5 5. Bd3 O-O 6. Nf3 b6 7. d5 exd5 8. cxd5
d6 9. O-O Re8 10. a3 Bxc3 11. bxc3 Bg4 12. c4 Nbd7 13. Bb2 Bh5 14. Re1 Qc7 15.
Qc2 Bg6 16. e4 Re7 17. Rad1 Rae8 18. e5 Nh5 19. Bxg6 hxg6 20. e6 fxe6 21. Qxg6
Nf4 22. Qg3 e5 23. Ng5 Nf8 24. Qh4 Qd7 25. g3 N4g6 26. Qe4 Nh8 27. Kg2 Nf7 28.
Nf3 Nh6 29. Nh4 g5 30. Bc1 gxh4 31. Bxh6 Rh7 32. Bxf8 hxg3 1/2-1/2

[Event "SV Recklinghausen-Süd 1 - SC Doppelbaue"]
[Site "Verbandsliga, Gruppe 2 2017/2"]
[Date "2018.04.29"]
[Round "9.2"]
[White "Herud, Martin"]
[Black "Schulz, Hartmut"]
[Result "1-0"]
[WhiteElo "1985"]
[BlackElo "2042"]
[PlyCount "87"]
[EventDate "2018.??.??"]

1. e4 c6 2. Nc3 d5 3. Nf3 Nf6 4. e5 Ne4 5. Qe2 Nxc3 6. dxc3 Bg4 7. h3 Bxf3 8.
Qxf3 e6 9. Bf4 Qa5 10. Bd3 Nd7 11. Qg3 g6 12. h4 Bg7 13. O-O Qc7 14. Rfe1 O-O-O
15. c4 dxc4 16. Bxc4 Nb6 17. Bf1 Nd5 18. Bg5 Rd7 19. c4 Nb4 20. Qc3 c5 21. a3
Nc6 22. Bf4 h6 23. Bg3 g5 24. h5 Rhd8 25. b4 Bf8 26. Rab1 Nd4 27. f3 f5 28. Bf2
Bg7 29. bxc5 Bxe5 30. Qb4 Nc2 31. Qa4 Nxe1 32. Rxe1 Bd4 33. Qxa7 Bxf2+ 34. Kxf2
Qc6 35. Rb1 e5 36. Qa8+ Kc7 37. Qa5+ Kc8 38. Rb6 Rd2+ 39. Kg1 Qc7 40. c6 bxc6
41. Qa6+ Kd7 42. Rb7 Rc8 43. Rxc7+ Rxc7 44. Qa5 1-0

[Event "SV Recklinghausen-Süd 1 - SC Doppelbaue"]
[Site "Verbandsliga, Gruppe 2 2017/2"]
[Date "2018.04.29"]
[Round "9.3"]
[White "Koth, Stefan"]
[Black "Callenberg, Ralf"]
[Result "1/2-1/2"]
[WhiteElo "2010"]
[BlackElo "2029"]
[Annotator "Ralf,Callenberg"]
[PlyCount "65"]
[EventDate "2018.??.??"]

1. c4 {[%emt 0:00:00]} 1... Nf6 2. Nc3 c5 3. Nf3 d5 4. cxd5 Nxd5 5. e4 Nxc3 6.
dxc3 Qxd1+ 7. Kxd1 a6 8. Be3 e6 9. a4 b6 10. Bd3 Nd7 11. Bf4 Bb7 12. Re1 Be7
13. Kc2 Nf6 14. Nd2 O-O 15. f3 Nd7 16. e5 Rfc8 17. c4 Bc6 18. Be4 Nb8 19. Bd3
Rd8 20. Ne4 Ra7 21. Nc3 Rb7 22. Red1 Be8 23. Be4 Rbd7 24. Rxd7 Rxd7 25. Be3 Rd8
26. a5 bxa5 27. Rxa5 Rc8 28. Na4 Bxa4+ 29. Rxa4 Nc6 30. f4 Nb4+ 31. Kc3 f6 32.
Ra5 Rc7 33. h3 1/2-1/2

[Event "SV Recklinghausen-Süd 1 - SC Doppelbaue"]
[Site "Verbandsliga, Gruppe 2 2017/2"]
[Date "2018.04.29"]
[Round "9.4"]
[White "Mecklenburg, Roland"]
[Black "Wagner, Norbert"]
[Result "0-1"]
[WhiteElo "2010"]
[BlackElo "2023"]
[Annotator "Ralf,Callenberg"]
[PlyCount "76"]
[EventDate "2018.??.??"]

1. d4 {[%emt 0:00:00]} 1... f5 2. g3 c6 3. Bg2 g6 4. c4 d6 5. Nc3 Nh6 6. Nf3
Nf7 7. d5 e5 8. dxe6 Bxe6 9. O-O Bg7 10. Nd4 Bxc4 11. Qa4 Bxd4 12. Qxc4 Qf6 13.
Rd1 Bb6 14. b4 Nd7 15. Bb2 Nde5 16. Qb3 Qe7 17. Na4 Rf8 18. Nxb6 axb6 19. b5 c5
20. Qd5 Ra7 21. a4 Nd7 22. Rd3 Nfe5 23. Bxe5 dxe5 24. Rda3 Nf6 25. Qc4 Qf7 26.
Qc3 Qc7 27. a5 bxa5 28. Rxa5 Rxa5 29. Rxa5 Kf7 30. b6 Qxb6 31. Qc4+ Kg7 32. Rb5
Qd6 33. Rxb7+ Kh6 34. Qc1+ f4 35. Qb1 Rd8 36. Qb6 Qxb6 37. Rxb6 Rd1+ 38. Bf1
Ne4 0-1

[Event "SV Recklinghausen-Süd 1 - SC Doppelbaue"]
[Site "Verbandsliga, Gruppe 2 2017/2"]
[Date "2018.04.29"]
[Round "9.5"]
[White "Bauch-Lojewski, Ralf"]
[Black "Höfker, Mathias"]
[Result "0-1"]
[WhiteElo "1957"]
[BlackElo "2047"]
[Annotator "Ralf,Callenberg"]
[PlyCount "53"]
[EventDate "2018.??.??"]

1. d4 {[%emt 0:00:00]} 1... e6 2. c4 f5 3. Nc3 Nf6 4. g3 d5 5. Bg2 c6 6. Nf3
Bd6 7. Bf4 Bxf4 8. gxf4 O-O 9. e3 b6 10. Bf1 Bb7 11. Ne5 Qe7 12. Rg1 Nbd7 13.
cxd5 Nxe5 14. d6 Nf3+ 15. Qxf3 Qxd6 16. Bc4 Nd5 17. Bxd5 cxd5 18. Qe2 Rac8 19.
O-O-O Rc4 20. Kb1 Rfc8 21. Rc1 Qb4 22. Qd2 a5 23. a3 Qb3 24. Qd1 Rxc3 25. Qxb3
Rxb3 26. Rxc8+ Bxc8 27. Rc1 0-1

[Event "SV Recklinghausen-Süd 1 - SC Doppelbaue"]
[Site "Verbandsliga, Gruppe 2 2017/2"]
[Date "2018.04.29"]
[Round "9.6"]
[White "Parado, Dominador"]
[Black "Jochmann, Christian"]
[Result "0-1"]
[WhiteElo "1930"]
[BlackElo "1805"]
[PlyCount "106"]
[EventDate "2018.??.??"]

1. c4 Nf6 2. Nc3 g6 3. e4 d6 4. d4 Bg7 5. f3 Nc6 6. Nge2 O-O 7. Be3 a6 8. h4 h5
9. Qd2 Re8 10. O-O-O Rb8 11. Bh6 Bh8 12. g4 hxg4 13. h5 e5 14. hxg6 fxg6 15.
Qg5 Kf7 16. Qe3 exd4 17. Nxd4 Nxd4 18. Rxd4 Nh5 19. Rd2 c6 20. fxg4 Bxg4 21. c5
Be5 22. Bc4+ Be6 23. Rf2+ Kg8 24. Be2 Ng3 25. Rg1 Nxe2+ 26. Qxe2 Bf7 27. Bg5
Qd7 28. Bf6 Bxf6 29. Rxf6 Re6 30. Rf4 Kg7 31. cxd6 Qxd6 32. Qf2 Bg8 33. Rd1 Qe5
34. Rf1 Rbe8 35. Rh1 Rf6 36. Rxf6 Qxf6 37. Qh2 Re6 38. Qh6+ Kf7 39. Qh3 Ke7 40.
Qg3 Qe5 41. Qh4+ Qf6 42. Qh2 Qe5 43. Qf2 Rd6 44. Re1 Bc4 45. Kb1 g5 46. Ka1 Qd4
47. Qg3 Qd2 48. e5 Rd3 49. Qg1 Rxc3 50. Rd1 Qe3 51. Qh1 Rd3 52. Qh7+ Kd8 53.
Rf1 Rd7 0-1

[Event "SV Recklinghausen-Süd 1 - SC Doppelbaue"]
[Site "Verbandsliga, Gruppe 2 2017/2"]
[Date "2018.04.29"]
[Round "9.7"]
[White "Rips, Frank"]
[Black "Kleiner, Tom"]
[Result "0-1"]
[WhiteElo "1791"]
[BlackElo "1867"]
[Annotator "Ralf,Callenberg"]
[PlyCount "88"]
[EventDate "2018.??.??"]

1. e4 {[%emt 0:00:00]} 1... c5 2. d4 cxd4 3. c3 d3 4. c4 Nc6 5. Bxd3 d6 6. Nc3
g6 7. Nf3 Bg7 8. O-O Nf6 9. Re1 O-O 10. h3 Be6 11. Nd5 Qd7 12. Be3 Nh5 13. g4
Nf6 14. Ng5 h6 15. Nxe6 fxe6 16. Nf4 g5 17. Ng6 Rf7 18. f4 gxf4 19. Bxf4 e5 20.
Be3 Kh7 21. Nh4 Raf8 22. Rc1 Nb4 23. Bb1 b6 24. a3 Na6 25. Qd2 Nc5 26. Qe2 Ne6
27. Qd2 Nc5 28. Rc3 Na4 29. Rd3 Nc5 30. Rd5 e6 31. Rxd6 Qe7 32. Bxc5 bxc5 33.
Ng2 Ne8 34. Rd3 Bf6 35. Rf1 Bg5 36. Rxf7+ Qxf7 37. Qd1 Qf2+ 38. Kh1 Qf1+ 39.
Kh2 Bf4+ 40. Nxf4 Qxf4+ 41. Kh1 Qf1+ 42. Kh2 Rf2+ 43. Kg3 Rg2+ 44. Kh4 Qf6+ 0-1

[Event "SV Recklinghausen-Süd 1 - SC Doppelbaue"]
[Site "Verbandsliga, Gruppe 2 2017/2"]
[Date "2018.04.29"]
[Round "9.8"]
[White "Hajra, Hetem"]
[Black "Deckert, Frank"]
[Result "0-1"]
[WhiteElo "1936"]
[BlackElo "1850"]
[PlyCount "48"]
[EventDate "2018.??.??"]

1. e4 c6 2. d4 d5 3. exd5 cxd5 4. Nf3 Nf6 5. h3 Nc6 6. c3 e6 7. Bg5 Bd6 8. Bb5
h6 9. Be3 Bd7 10. Bd3 Qc7 11. Nbd2 O-O 12. O-O Na5 13. Re1 Rac8 14. Ne5 b5 15.
a3 Nc4 16. Ndxc4 dxc4 17. Bc2 Bc6 18. Ng4 Nxg4 19. Qxg4 f5 20. Qh5 Rf6 21. f4
Bxf4 22. Bxf4 Qxf4 23. Bd1 a5 24. Bf3 g6 0-1

[Event "SV Rochade Eving 1 - SF Buer 1"]
[Site "Verbandsklasse, Gruppe 1 2017"]
[Date "2018.04.29"]
[Round "9.1"]
[White "Große-Frintrop, Gerd"]
[Black "Michalek, Christoph"]
[Result "1/2-1/2"]
[WhiteElo "1988"]
[BlackElo "2061"]
[PlyCount "54"]
[EventDate "2018.??.??"]

1. d4 Nf6 2. c4 e6 3. Nc3 d5 4. cxd5 exd5 5. Bg5 c6 6. Qc2 Be7 7. e3 O-O 8. Bd3
h6 9. Bh4 Re8 10. Nge2 Ne4 11. Bxe7 Qxe7 12. O-O Nd7 13. Bxe4 dxe4 14. d5 Nf6
15. dxc6 bxc6 16. Rfd1 Ba6 17. Qa4 Bb5 18. Nxb5 cxb5 19. Qa6 Qe5 20. Rd4 Rac8
21. Rad1 Rc2 22. R1d2 Rxd2 23. Rxd2 Qc5 24. h3 Nd5 25. Qa5 a6 26. Qxa6 Nxe3 27.
Qd6 Qxd6 1/2-1/2

[Event "SV Rochade Eving 1 - SF Buer 1"]
[Site "Verbandsklasse, Gruppe 1 2017"]
[Date "2018.04.29"]
[Round "9.2"]
[White "Kleibaumhueter, Klaus"]
[Black "Renk, Christoph"]
[Result "1/2-1/2"]
[WhiteElo "2083"]
[BlackElo "1970"]
[PlyCount "45"]
[EventDate "2018.??.??"]

1. Nf3 Nf6 2. c4 g6 3. Nc3 Bg7 4. g3 c5 5. Bg2 Nc6 6. d4 cxd4 7. Nxd4 O-O 8.
Nc2 d6 9. O-O Re8 10. Nd5 Ne5 11. Nxf6+ Bxf6 12. Ne3 Bg7 13. Rb1 Rb8 14. Bd2
Be6 15. Bc3 Nxc4 16. Nxc4 Bxc3 17. Nxd6 Qxd6 18. bxc3 Qc7 19. Qa4 b6 20. Rfd1
Red8 21. h4 h5 22. Bf3 Rbc8 23. Kg2 1/2-1/2

[Event "SV Rochade Eving 1 - SF Buer 1"]
[Site "Verbandsklasse, Gruppe 1 2017"]
[Date "2018.04.29"]
[Round "9.3"]
[White "Wilbert, Siegfried"]
[Black "Hornung, Ruediger"]
[Result "1-0"]
[WhiteElo "1942"]
[BlackElo "1891"]
[PlyCount "33"]
[EventDate "2018.??.??"]

1. d4 e6 2. Nf3 d5 3. c4 c5 4. cxd5 exd5 5. Nc3 cxd4 6. Nxd4 Nf6 7. g3 Nc6 8.
Bg2 Bc5 9. Nb3 Bb4 10. O-O O-O 11. Nxd5 Nxd5 12. Qxd5 Qe7 13. Be3 Be6 14. Qb5
a6 15. Qb6 Rac8 16. Rfc1 Nd8 17. Nc5 1-0

[Event "SV Rochade Eving 1 - SF Buer 1"]
[Site "Verbandsklasse, Gruppe 1 2017"]
[Date "2018.04.29"]
[Round "9.4"]
[White "Pahne, Dirk"]
[Black "Schorra, Helmut"]
[Result "1/2-1/2"]
[WhiteElo "1953"]
[BlackElo "2070"]
[PlyCount "23"]
[EventDate "2018.??.??"]

1. e4 e5 2. Nf3 Nc6 3. Bc4 Nf6 4. Ng5 d5 5. exd5 Na5 6. Bb5+ Bd7 7. Qe2 Be7 8.
Nc3 O-O 9. Bd3 h6 10. Nge4 Nxe4 11. Bxe4 f5 12. Bd3 1/2-1/2

[Event "SV Rochade Eving 1 - SF Buer 1"]
[Site "Verbandsklasse, Gruppe 1 2017"]
[Date "2018.04.29"]
[Round "9.5"]
[White "Andersen, Knut"]
[Black "Regber, Karl-Heinz"]
[Result "1/2-1/2"]
[WhiteElo "1886"]
[BlackElo "1664"]
[PlyCount "78"]
[EventDate "2018.??.??"]

1. d4 Nf6 2. Nf3 g6 3. Bg5 Bg7 4. Nbd2 O-O 5. e4 d6 6. Bd3 c5 7. c3 cxd4 8.
cxd4 Nc6 9. a3 Bg4 10. Qb3 Bxf3 11. Nxf3 h6 12. Be3 Qa5+ 13. Bd2 Qb6 14. Qxb6
axb6 15. Bc3 d5 16. e5 Ne4 17. Nd2 Nxc3 18. bxc3 Ra7 19. Bb5 Na5 20. Ke2 h5 21.
Rhb1 Rc8 22. Kd3 Bh6 23. Rb4 Nc6 24. Rb2 Na5 25. a4 e6 26. Rab1 Bg5 27. Rc2 Bd8
28. c4 dxc4+ 29. Nxc4 Nxc4 30. Rxc4 Rxc4 31. Kxc4 Ra8 32. Bd7 Kf8 33. d5 Ke7
34. dxe6 fxe6 35. Rd1 Bc7 36. Bb5 Bxe5 37. Rd7+ Kf6 38. Rxb7 Rc8+ 39. Kd3 Rd8+
1/2-1/2